| 000 | 00492nam a2200193Ia 4500 | ||
|---|---|---|---|
| 003 | OSt | ||
| 005 | 20250915094053.0 | ||
| 008 | 210210b1986 xxu||||| |||| 00| 0 eng d | ||
| 040 | _cAL | ||
| 041 | _aKannada | ||
| 082 | _aK894.3 GITS | ||
| 100 |
_aGITA (K) _dಗೀತಾ (ಕೆ ) _9238629 |
||
| 245 |
_aSamagama. _bಸಮಾಗಮ |
||
| 260 |
_aMaisuru. _bSanthosha Prakashana., _c1986 |
||
| 300 | _aii,104 | ||
| 690 |
_aKannada Fiction _9238630 |
||
| 906 | _aSG02024 | ||
| 942 |
_2ddc _cSG |
||
| 999 |
_c113199 _d113199 |
||